BSOP header

聖靈的軌跡-使徒行傳詮釋 = (Record no. 1006)

MARC details
000 -LEADER
fixed length control field 00583nam a2200145 4500
008 - FIXED-LENGTH DATA ELEMENTS--GENERAL INFORMATION
fixed length control field 010126s1998 cau 0 chiYA
020 ## - INTERNATIONAL STANDARD BOOK NUMBER
International Standard Book Number 9578536585
090 ## - LOCALLY ASSIGNED LC-TYPE CALL NUMBER (OCLC); LOCAL CALL NUMBER (OCLC)
Classification number (OCLC) (R) ; Classification number, CALL (RLIN) (NR) BS2625.3
Local cutter number (OCLC) ; Book number/undivided call number, CALL (RLIN) M11
-- 2
100 1# - MAIN ENTRY--PERSONAL NAME
Personal name 馬有藻 Ma, Denny Y. C.
245 10 - TITLE STATEMENT
Title 聖靈的軌跡-使徒行傳詮釋 =
Remainder of title Footracks of the Holy Spirit : commentary on Acts {ch}/
Statement of responsibility, etc 馬有藻 Denny Y. C. Ma
260 ## - PUBLICATION, DISTRIBUTION, ETC. (IMPRINT)
Place of publication, distribution, etc Saratoga, CA :
Name of publisher, distributor, etc 天恩出版社 Chinese Christian Training Resources Center,
Date of publication, distribution, etc c1998.
300 ## - PHYSICAL DESCRIPTION
Extent 252 p. :
Other physical details maps.
504 ## - BIBLIOGRAPHY, ETC. NOTE
Bibliography, etc Includes bibliographical references.
630 04 - SUBJECT ADDED ENTRY--UNIFORM TITLE
Uniform title Bible. O.T. Acts
General subdivision Commentaries {ch}.
Holdings
Withdrawn status Lost status Damaged status Not for loan Home library Current library Shelving location Date acquired Accession number Shelving control number Total Checkouts Full call number Date last seen Price effective from Koha item type
        BSOP Library BSOP Library Chinese Books (General Circulation) 12/21/2000 C-3678 127   BS2625.3/M11/2-2 02/23/2013 02/23/2013 Books
BSOP

Biblical Seminary of the Philippines
  All rights Reserved
  © 2024

CONTACT INFORMATION

Biblical Seminary of the Philippines,
  77-B Karuhatan Road, Valenzuela City,
  PHILIPPINES 1441
  Phone: +632 8292-6795 / 8292-6798
  Fax : +632 8292-6675
  Email: library@bsop.edu.ph